Vplyv ekonomického systému na ekonomickú výkonnosť krajín V4

Charakteristika a úloha komparatívnej ekonomiky. Komparácia krajín Vyšehradskej štvorky na základe indexu ekonomickej slobody.

Salvato in:
Dettagli Bibliografici
Autore principale: Piovarčiová, Veronika, 1951-
Natura: Capitolo di libro
Lingua:slovacco
Soggetti:
Tags: Aggiungi Tag
Nessun Tag, puoi essere il primo ad aggiungerne!!

MARC

LEADER 00000naa$a2200000$$$4500
001 0256160
005 20240502074056.3
041 0 |a slo 
044 |a SK 
245 1 0 |a Vplyv ekonomického systému na ekonomickú výkonnosť krajín V4  |c Veronika Piovarčiová 
520 |a Charakteristika a úloha komparatívnej ekonomiky. Komparácia krajín Vyšehradskej štvorky na základe indexu ekonomickej slobody. 
610 2 0 |a Vyšehradská štvorka 
610 2 0 |a porovnanie medzinárodné 
610 2 0 |a ekonomika komparatívna 
610 2 0 |a index ekonomickej slobody 
610 2 0 |a výkonnosť ekonomiky 
610 2 0 |a produkt domáci hrubý 
610 2 0 |a miera inflácie 
610 2 0 |a dlhy verejné 
610 2 0 |a nezamestnanosť 
100 1 |a Piovarčiová, Veronika, 1951-